| 000 | 00382nam a22001337a 4500 | ||
|---|---|---|---|
| 020 | _a0-07-004430-9 | ||
| 082 | _a621.3192 BEL'S | ||
| 100 |
_aBELOVE, C,DROSSMAN, M. M _975604 |
||
| 245 | _aSYSTEMS AND CIRCUITS FOR ELECTRICAL ENGINEERING TECHNOLOGY | ||
| 260 |
_aNEWYRK _bMCGRAW HILL _c1976 |
||
| 300 | _a662P | ||
| 650 |
_aELECTRIC CIRCUITS ELECTRIC NETWORKS _975605 |
||
| 942 | _cBK | ||
| 999 |
_c580998 _d580998 |
||